Statistics for Top 20 Liverpool Goalscorers in the Premier Leauge

Click here to take the quiz!

General Stats

  • This quiz has been taken 66 times
  • The average score is 12 of 20

Answer Stats

NPlayerNationalityGoals% Correct
1Mohamed SalahEgyptian137
100%
8Fernando TorresSpanish65
95%
7Luis SuárezUruguayan69
95%
5Sadio ManéSenegalese90
95%
6Roberto FirminoBrazilian82
90%
3Steven GerrardEnglish120
90%
9Dirk KuytDutch51
80%
4Michael OwenEnglish118
80%
2Robbie FowlerEnglish128
76%
15Diogo JotaPortuguese31
66%
11Ian RushWelsh45
66%
17Jordan HendersonEnglish29
59%
10Daniel SturridgeEnglish50
49%
14Emile HeskeyEnglish39
34%
18Patrik BergerCzech28
27%
16Jamie RedknappEnglish30
25%
12Steve McManamanEnglish41
24%
20Danny MurphyEnglish25
20%
19Stan CollymoreEnglish26
14%
12Philippe CoutihnoBrazilian41
0%

Score Distribution

Percentile by Number Answered

Percent of People with Each Score

Your Score History

You have not taken this quiz